Kỹ năng xây dựng và quản lý dự án
Nội dung trình bày 3 phần: dự án và xây dựng dự án; quản lý và kỷ năng quản lý; các kỹ năng cần có ở người quản lý dự án
Đã lưu trong:
| Tác giả chính: | |
|---|---|
| Định dạng: | Sách |
| Năm xuất bản: |
[Knxb]
[Knxb]
2002
|
| Chủ đề: | |
| Tags: |
Thêm thẻ
Không có thẻ, Hãy là người đầu tiên gắn thẻ bản ghi này!
|
| LEADER | 00935nam a2200169 4500 | ||
|---|---|---|---|
| 082 | |a 658.044 |b NG527NG | ||
| 100 | |a Nguyễn Ngọc Lân | ||
| 245 | |a Kỹ năng xây dựng và quản lý dự án |c Nguyễn Ngọc Lân | ||
| 260 | |a [Knxb] |b [Knxb] |c 2002 | ||
| 300 | |a 193 tr. |c 21 cm | ||
| 520 | |a Nội dung trình bày 3 phần: dự án và xây dựng dự án; quản lý và kỷ năng quản lý; các kỹ năng cần có ở người quản lý dự án | ||
| 653 | |a Quản lý dự án | ||
| 653 | |a xây dựng | ||
| 942 | |2 ddc |c STK0 | ||
| 999 | |c 9358 |d 9358 | ||
| 952 | |0 0 |1 0 |2 ddc |4 0 |6 658_044000000000000_NG527NG |7 0 |8 600 |9 74999 |a qbu |b qbu |c D3 |d 2015-05-10 |g 39000 |o 658.044 NG527NG |p 9235.c1 |r 0000-00-00 |w 2015-05-10 |y STK0 |0 0 |6 658_044000000000000_NG527NG | ||
| 952 | |0 0 |1 0 |2 ddc |4 0 |6 658_044000000000000_NG527NG |7 0 |8 600 |9 75000 |a qbu |b qbu |c D3 |d 2015-05-10 |g 39000 |o 658.044 NG527NG |p 9235.c2 |r 0000-00-00 |w 2015-05-10 |y STK0 |0 0 |6 658_044000000000000_NG527NG | ||